Performáticos, performance & sociedade /
שמור ב:
| פורמט: | ספר |
|---|---|
| שפה: | Portuguese |
| יצא לאור: |
Brasilia:
Universidade de Brasilia,
1996.
|
| נושאים: | |
| תגים: |
הוספת תג
אין תגיות, היה/י הראשונ/ה לתייג את הרשומה!
|
MARC
| LEADER | 00000nam a22000007a 4500 | ||
|---|---|---|---|
| 008 | 150609s1996 bl ac||| |||| 000 0 por d | ||
| 040 | |a CRU CIICLA | ||
| 082 | |a 791.43 |b P438p | ||
| 245 | 1 | 0 | |a Performáticos, performance & sociedade / |c coordenacao Joao Gabriel L. C. Teixeira |
| 260 | |a Brasilia: |b Universidade de Brasilia, |c 1996. | ||
| 300 | |a 120 páginas: |b ilustraciones a color, retratos | ||
| 505 | |r Joao Gabriel L. C. Teixeira. |t O campo da performance no Brasil / | ||
| 505 | |r Armindo Biao. |t Estética performática e cotidiano / | ||
| 505 | |r Armindo Biao. |t Manifiesto da etnocenologia / | ||
| 505 | |r E. Jean Landgon. |t Perfomance e preocupacoes pós-modernas na antropología / | ||
| 505 | |r Mariza Veloso Motta Santos. |t A productividade política da representacao estética / | ||
| 505 | |r Ricardo Basbaum. |t Performance: a questao da autoria / | ||
| 505 | |r Geraldo Orthof. |t Autoria: colaboracoes interferentes / | ||
| 505 | |r Reinaldo Cotia Braga. |t Drama conceitual plástico 1 / | ||
| 505 | |r Xico Chaves. |t Anotacoes ligeiras sobre performance e mercado (ou Estado) / | ||
| 505 | |r Renato Cohen. |t Performance, anos 90: consideracoes sobre o "Zeitgeist" contemporáneo / | ||
| 505 | |r Bia Medeiros. |t Da atualidade da linguagem artística performance / | ||
| 505 | |r Paula Yutaka e Artur Matuck. |t Duas performances / | ||
| 505 | |r Conrado Silva. |t De Cage a internet / | ||
| 505 | |r Paulo Brusky. |t O fax, da descoberta científica ao fazer artístico / | ||
| 505 | |r Guto Lacaz. |t Depoimento / | ||
| 505 | |r Antonio Januzelli, Janó |t Breve reflexao sobre a formacao do performer / | ||
| 505 | |r Maria Luiza Taunay. |t Corpos e textos / | ||
| 505 | |r Silvia Davini. |t O gesto da palavra / | ||
| 505 | |r Nicolas Evreinoff. |t O eterno show / | ||
| 505 | |t Manifiesto Guapuruvu | ||
| 505 | |r Eurico Antonio Gonzales dos Santos. |t Teatralizacao do carisma, religiosidade e política - um ensaio sobre o exorcismo televisivo da igreja universal do reino de Deus / | ||
| 505 | |r Ricardo Guilherme, Hugo Rodas e José Eduardo Garcia de Moraes. |t Performáticos / | ||
| 505 | |r Rosel Grassmann. |t Wilderness bodypainting / | ||
| 650 | 1 | 4 | |a ARTES ESCENICAS |x PRODUCCION Y DIRECCION |
| 650 | 1 | 4 | |a TEATRO |
| 942 | |2 ddc |c BK | ||
| 999 | |c 4285 |d 4285 | ||
